000
00201nam a22000857a 4500
008
161015b xxu||||| |||| 00| 0 eng d
100
_9
855
_a
Vikas
245
_a
Shapes
260
_a
Mumbai
_b
Navneet Publications
999
_c
3507
_d
3507